00838 2200253 4500001002100000005001500021035002000036007000300056008004100059020001800100100003500118245006900153250001200222300003800234264003900272336002100311337003000332338002300362082000800385084001400393650007600407650008800483990001300571INLIS00000000112131920241105100544 a0010-1024000151ta241105 0 ind  a97997925446940 aInyiak Ridwan MuzirePengarang1 aHermeneutika Filosofis Hans-Georg Gadamer /cInyiak Ridwan Muzir aEdisi 1 a280 halaman :bilustrasi ;c21 cm aYogyakarta :bAr-Ruzz Media,c2022 2rdacontentaTeks 2rdamediaaTanpa Perantara 2rdacarrieraVolume a193 a193 INY h 4aHermeneutika; Filsafat Gadamer; Interpretasi Filosofis; Filsafat Jerman 4aHermeneutics; Gadamer's Philosophy; Philosophical Interpretation; German Philosophy a24/00308